000 03811nam a2200277 a 4500
001 000033439
005 20240229073938.0
008 110404s1941 dr a 000 0 spa d
040 _aDO-SdBNP
_bspa
_cBNPHU
082 _axxxx
_bB554p,
100 1 _aBesault, Lawrence de
_953768
245 1 0 _aPresident Trujillo :
_bhis work and the Dominican Republic /
_cLawrence de Besault ; corrected and put up-to-date by J. Marino Inchástegui and Manfredo A. Moore.
250 _a3th. ed.
260 _aSantiago, República Dominicana :
_bEditorial El Diario,
_c1941.
300 _a504 p. :
_bil., fot. bl. y negro, retrs. ;
_c24 cm.
500 _aAn account of the career of Generalísimo Rafael Leónidas Trujillo Molina, President of the Dominican Republic, and the accomplishments and development of the Dominican Republic under his leadership.
505 0 _aContenido:
_tIntroduction: an interview with president Trujillo. --
_tPresident Trujillo. --
_tEarly days. --
_tThe army. --
_tThe rise to the presidency. --
_tThe presidency. --
_tWork and the Dominican Republic. --
_tThe capital and the Dominican Republic. --
_tThe destruction and re-creation of the capital. --
_tGeorge Washington Avenue. --
_tThe naming of Trujillo City. --
_tA survey of the nation's activities. --
_tThe public works program. --
_tAgriculture, industry and commerce. --
_tEducation. --
_tPublic finances. --
_tJudicial procedure. --
_tSettlement of boundary deserves nobel prize. --
_tForeign relations. --
_tThe American League of Nations. --
_tThe Columbus Lighthouse. --
_tOther accomplishments. --
_tSidelights and estimates of president Trujillo. --
_tThe civic primer. --
_tThe president as seen in his addresses. --
_tWhat others think of president Trujillo. --
_tSketch from 1936 to 1941. --
_tList of illustrations. --
_tGeneralissimo Rafael Leonidas Trujillo Molina, president of the Dominican Republic (illustration). --
_tDominican coat of arms (illustration). --
_tThree aspects of president Trujillo (illustration). --
_tBreakwater at new port in Trujillo City (illustration). --
_tPuerta del Conde (illustration). --
_tThe oldest Cathedral of the Americas (illustration). --
_tMausoleum of Christopher Columbus (illustration). --
_tColumbus Palace (illustration). --
_tThe ruins of the Capital after the hurricane (illustration). --
_tTrujillo City after its reconstruction. --
_tGeorge Washington Avenue in Trujillo City (illustration). --
_tIndependence Park (illustration). --
_tRamfis bridge (illustration). --
_tTransportation facilities (illustration). --
_tGeneralissimo Trujillo bridge (illustration). --
_tLa Vega-Jarabacoa highway (illustration). --
_tOzama bridge (illustration). --
_tDuarte highway (illustration). --
_tSchool of domestic science at Trujillo City (illustration). --
_tColon Park (illustration). --
505 0 _aContenido:
_tHarbor at Trujillo City (illustration). --
_tGate to Trujillo City (illustration). --
_tStreet scene in the Capital (illustration). --
_tSenate building (illustration). --
_tColumbus Lighthouse (illustration). --
_tStatue of Columbus (illustration). --
_tAdministrative council building in the Capital (illustration). --
_tConde Street (illustration). --
_tLa Toma (illustration). --
_tView at Barahona (illustration). --
_tThe signature of Trujillo-Hull agreement, in Washington, D. C. (illustration). --
_tRamfis Park (illustration). --
_tModern "Jaragua" Hotel (illustration).
600 1 0 _aTrujillo Molina, Rafael Leónidas,
_d 1891-1961
_976764
651 0 _aRepublica Dominicana
_xHistoria
_9170
651 0 _aRepublica Dominicana
_xCondiciones Sociales
_946
651 0 _aRepublica Dominicana
_xCondiciones Economicas
_9281
700 1 2 _aINCHAUSTEGUI, J. MARINO
_958990
700 1 2 _aMOORE, MANFREDO A.
_931872
856 4 1 _uhttp://www.archive.org/stream/presidenttrujill009471mbp#page/n7/mode/2up
_zPDF de la 2a. ed.
999 _c32930
_d32930